Mathematical reviews

Αποθηκεύτηκε σε:
Λεπτομέρειες βιβλιογραφικής εγγραφής
Συλλογικό Έργο: American Mathematical Society, Mathematical Association of America
Μορφή: Περιοδική έκδοση
Γλώσσα:English
Δημοσίευση: Lancaster, Pa : American Mathematical Society, 1940-
Θέματα:
Ετικέτες: Προσθήκη ετικέτας
Δεν υπάρχουν, Καταχωρήστε ετικέτα πρώτοι!

MARC

LEADER 00000nas a2200000 i 4500
001 1/53231
008 040402c19409999us eng d
022 |a 00255629 
035 |l 10073065 
040 |a GR-MY-UA  |b gre  |e aacr 
041 0 |a eng 
082 0 |a 510.5 
110 2 |a American Mathematical Society. 
245 1 0 |a Mathematical reviews  |h [περιοδικό] 
260 |a Lancaster, Pa :   |b American Mathematical Society,   |c 1940- 
300 |a τ.;  |c 30 εκ. 
310 |a Μηνιαίο 
650 0 0 |a Mathematics  |x Periodicals. 
650 0 0 |a Mathematics  |x Abstracts  |x Periodicals. 
710 2 |a Mathematical Association of America. 
853 |a INST  |b SAMOS  |c SER 
970 |a ΜΑΛΑΓΑΡΗ  |b ΦΩΤΕΙΝΗ  |z 2004/04/02